<?xml version="1.0" encoding="UTF-8"?>
<collection xmlns="http://www.loc.gov/MARC21/slim">
 <record>
  <leader>01008nam a2200253 a 4500</leader>
  <controlfield tag="001">09553</controlfield>
  <controlfield tag="003">BD-DhAAL</controlfield>
  <controlfield tag="008">090416s2001    cau      b    000 0 eng d</controlfield>
  <datafield tag="999" ind1=" " ind2=" ">
   <subfield code="c">3</subfield>
   <subfield code="d">3</subfield>
  </datafield>
  <datafield tag="020" ind1=" " ind2=" ">
   <subfield code="a">8178090783 (pbk. : alk. paper)</subfield>
  </datafield>
  <datafield tag="082" ind1="0" ind2="0">
   <subfield code="a">658.402</subfield>
   <subfield code="2">21</subfield>
  </datafield>
  <datafield tag="100" ind1="1" ind2=" ">
   <subfield code="a">Blanchard, Kenneth H.</subfield>
   <subfield code="9">5582</subfield>
  </datafield>
  <datafield tag="245" ind1="1" ind2="0">
   <subfield code="a">Empowerment takes more than a minute /</subfield>
   <subfield code="c">Ken Blanchard, John P. Carlos, Alan Randolph.</subfield>
  </datafield>
  <datafield tag="260" ind1=" " ind2=" ">
   <subfield code="a">Mumbai, India :</subfield>
   <subfield code="b">Magna Publishing Co.Ltd.,</subfield>
   <subfield code="c">c2001.</subfield>
  </datafield>
  <datafield tag="300" ind1=" " ind2=" ">
   <subfield code="a">ix,124 pages ;</subfield>
   <subfield code="c">22 cm.</subfield>
  </datafield>
  <datafield tag="541" ind1="1" ind2=" ">
   <subfield code="e">9553</subfield>
  </datafield>
  <datafield tag="650" ind1=" " ind2="0">
   <subfield code="a">Employee empowerment.</subfield>
   <subfield code="9">5583</subfield>
  </datafield>
  <datafield tag="650" ind1=" " ind2="0">
   <subfield code="a">Delegation of authority.</subfield>
   <subfield code="9">5584</subfield>
  </datafield>
  <datafield tag="650" ind1=" " ind2="0">
   <subfield code="a">Decentralization in management.</subfield>
   <subfield code="9">5585</subfield>
  </datafield>
  <datafield tag="700" ind1="1" ind2=" ">
   <subfield code="a">Carlos, John P.</subfield>
   <subfield code="9">5586</subfield>
  </datafield>
  <datafield tag="700" ind1="1" ind2=" ">
   <subfield code="a">Randolph, W. Alan.</subfield>
   <subfield code="9">5587</subfield>
  </datafield>
  <datafield tag="852" ind1="4" ind2=" ">
   <subfield code="a">Ayesha Abed Library</subfield>
   <subfield code="j">General Stacks</subfield>
  </datafield>
  <datafield tag="942" ind1=" " ind2=" ">
   <subfield code="2">ddc</subfield>
   <subfield code="c">BK</subfield>
  </datafield>
  <datafield tag="952" ind1=" " ind2=" ">
   <subfield code="0">0</subfield>
   <subfield code="1">0</subfield>
   <subfield code="2">ddc</subfield>
   <subfield code="4">0</subfield>
   <subfield code="6">658_402000000000000_BLA_2001</subfield>
   <subfield code="7">0</subfield>
   <subfield code="9">3</subfield>
   <subfield code="a">BRACUL</subfield>
   <subfield code="b">BRACUL</subfield>
   <subfield code="c">GEN</subfield>
   <subfield code="d">2009-04-28</subfield>
   <subfield code="g">0.00</subfield>
   <subfield code="l">5</subfield>
   <subfield code="m">6</subfield>
   <subfield code="o">658.402 BLA</subfield>
   <subfield code="p">3010009553</subfield>
   <subfield code="r">2022-04-16</subfield>
   <subfield code="s">2022-04-04</subfield>
   <subfield code="t">1</subfield>
   <subfield code="w">2009-04-28</subfield>
   <subfield code="y">BK</subfield>
   <subfield code="x">No price found in the accession register.</subfield>
  </datafield>
 </record>
</collection>
